000 00453nam a2200181Ia 4500
001 23364
005 20260414150932.0
008 260414t1999||||xx |||||||||||||| ||spa||
041 _aESP
082 _a629.892
_bM22
100 _aMandado Pérez, Enrique
_eAUT
245 0 _aControladores lógicos y autómatas programables
_b
260 _c1999
300 _a393 páginas :
_c23 cm.
650 _aCNM
654 _aCCN
942 _cLIB
_dJUS
_fJUS
_2ddc
_n
999 _c23364
_d23364